|
|
|
|
| LEADER |
00000cam a2200000 7i4500 |
| 001 |
0000001328 |
| 005 |
20140419.0 |
| 090 |
0 |
0 |
|a 634.92
|b SEM 1990
|
| 110 |
1 |
0 |
|a SEMINAR on Integration of Management of Tropical Forests into Regional Development
|k 1990
|j Kuala Lumpur
|
| 245 |
1 |
0 |
|a Integration of management of tropical forests into regional development
|c rapporteur V. Kohler
|
| 260 |
0 |
0 |
|a Feldfing, F. R. of Germany :
|b German Foundation for International Development ,
|c 1990
|
| 300 |
|
|
|a 147 p. ;
|c 22 cm.
|
| 650 |
0 |
0 |
|a Rain forests
|x Management
|z Asia, Southeastern
|
| 700 |
0 |
1 |
|a Kohler
|h V.
|
| 710 |
1 |
1 |
|a ASEAN Institute of Forest Management (AIFM)
|
| 998 |
|
|
|a JPSM
|
| 999 |
|
|
|a 0000002197
|b Monograph
|c Open Shelf
|e Default branch
|
| 999 |
|
|
|a 0000003900
|b Monograph
|c Open Shelf
|e Default branch
|